Santander y los libros. (Record no. 189889)

MARC details
000 -LEADER
campo de control de longitud fija 01611nam a2200277 i 4500
001 - NÚMERO DE CONTROL
campo de control 189889
003 - IDENTIFICADOR DE NÚMERO DE CONTROL
campo de control SpMaBN
005 - FECHA Y HORA DE LA ÚLTIMA TRANSACCIÓN
campo de control 20230906223600.0
008 - DATOS DE LONGITUD FIJA--INFORMACIÓN GENERAL
campo de control de longitud fija 191218s1993 ck b |||| |dspa d
020 ## - NÚMERO INTERNACIONAL ESTÁNDAR DEL LIBRO
Número Internacional Estándar del Libro 958-643-161-4
080 ## - NÚMERO DE LA CLASIFICACIÓN DECIMAL UNIVERSAL
Número de la Clasificación Decimal Universal 017.2 Santander, Francisco de Paula
080 ## - NÚMERO DE LA CLASIFICACIÓN DECIMAL UNIVERSAL
Número de la Clasificación Decimal Universal 930.255(861 B.)
080 ## - NÚMERO DE LA CLASIFICACIÓN DECIMAL UNIVERSAL
Número de la Clasificación Decimal Universal 012 Santander, Francisco de Paula
245 00 - MENCIÓN DEL TÍTULO
Título Santander y los libros.
250 ## - MENCION DE EDICION
Mención de edición 1ª ed.
260 ## - PUBLICACIÓN, DISTRIBUCIÓN, ETC.
Lugar de publicación, distribución, etc. Bogotá :
Nombre del editor, distribuidor, etc. Fundación Francisco de Paula Santander,
Fecha de publicación, distribución, etc. 1993.
300 ## - DESCRIPCIÓN FÍSICA
Extensión 3 v. ;
Dimensiones 28 cm.
505 8# - NOTA DE CONTENIDO CON FORMATO
Nota de contenido con formato Contiene: I ;
Título El Archivo Santander /
Mención de responsabilidad Luis Horacio López Domínguez con la colaboración de Ricardo Ladino Rodríguez - II. --
Título Perfil biográfico y catálogo de la Biblioteca que perteneció al general Santander. Textos y cronologías /
Mención de responsabilidad Luis Horacio López Martínez ... [et al.]. Catálogo general de la Biblioteca de Santander /
-- Eduardo Ruiz Martínez - III. --
Título Catálogo bibliográfico /
Mención de responsabilidad Luis Horacio López Domínguez con la colaboración de Ricardo Ladino Rodríguez
594 ## - Nota al título y mención de responsabilidad
Nota al título y mención de responsabilidad En port.: Fundación para la Conmemoración del Bicentenario del Natalicio y el Sesquicentenario de la Muerte del General Francisco de Paula Santander. Biblioteca de la Presidencia de la República.
600 17 - PUNTO DE ACCESO ADICIONAL DE MATERIA--NOMBRE DE PERSONA
Nombre de persona Santander, Francisco de Paula-
Subdivisión general Biblioteca-
Subdivisión de forma Catálogos.
9 (RLIN) 169156
600 17 - PUNTO DE ACCESO ADICIONAL DE MATERIA--NOMBRE DE PERSONA
Nombre de persona Santander, Francisco de Paula-
Subdivisión general Archivo-
Subdivisión de forma Catálogos.
9 (RLIN) 169157
600 17 - PUNTO DE ACCESO ADICIONAL DE MATERIA--NOMBRE DE PERSONA
Nombre de persona Santander, Francisco de Paula-
Subdivisión de forma Bibliografías.
9 (RLIN) 169158
700 1# - ENTRADA AGREGADA--NOMBRE PERSONAL
Nombre de persona López Domínguez, Luis Horacio.
9 (RLIN) 142739
700 1# - ENTRADA AGREGADA--NOMBRE PERSONAL
Nombre de persona Santander, Francisco de Paula.
9 (RLIN) 142712
852 ## - LOCALIZACIÓN
Ubicación ES-MaACL
Número de control de estantería L-32470-72
Holdings
Estatus retirado Estado de pérdida Estado de daño No para préstamo Biblioteca de origen Biblioteca actual Ubicación en estantería Fecha de adquisición Fuente de adquisición Total de préstamos Signatura topográfica completa Código de barras Visto por última vez Precio de reemplazo Tipo de ítem Koha
        Biblioteca del Ateneo de Madrid Biblioteca del Ateneo de Madrid Depósito 2 18/12/2019     L-32470-72 1201423 23/02/2023 23/02/2023 Libro impreso